000 00684nam a22002657a 4500
003 UA-OsUOA
001 31577
007 ta
008 20041224b un ||||| |||| 00| 0 ukr d
100 _aТормасов М.
090 _a930.23+82-94
_bИ90
942 _cBK
040 _aUA-OsUOA
_brus
_cUA-OsUOA
_dUA-OsUOA
245 _aИсторики и история
_bжизнь, судьба, творчество
300 _a699 с.
_bІлюстрації
955 _a2
041 _arus
080 _a930.23+82-94
020 _a5-86095-095-0
260 _aМосква
_bОстожье
_c1997
246 3 1 _aТ. 1
_n
044 _aRU
650 7 _2UDC
999 _c318006
_d318006